Holiday Quiz

Random Holiday or Halloween Quiz

TV Halloween Scenes II Quiz Stats

 Plays Quiz Updated Oct 26, 2017

Challenge
Share
Tweet
Score 0/13 Timer 05:00
1 Play Today
% Correct
Buffy the Vampire Slayer
86.7%
Modern Family
79.8%
Glee
74.5%
Mad Men
71.3%
Bones
65.3%
New Girl
63.3%
Charmed
60.9%
Pretty Little Liars
57.7%
The Vampire Diaries
27.1%
American Horror Story
25.9%
One Tree Hill
22.6%
Parenthood
17.4%
The New Normal
9%

You're not logged in!

Compare scores with friends on all Sporcle quizzes.
OR
Log In

You Might Also Like...

Show Comments

Extras

Top Quizzes Today


Score Distribution

Your Account Isn't Verified!

In order to create a playlist on Sporcle, you need to verify the email address you used during registration. Go to your Sporcle Settings to finish the process.

Report this User

Report this user for behavior that violates our Community Guidelines.

Details: